书目信息 |
| 题名: |
目录组织规则
|
|
| 作者: | ;北京图书馆编目部 编 | |
| 分册: | 图书部分 | |
| 出版信息: | 北京 书目文献出版社 1984 |
|
| 页数: | 172页 | |
| 开本: | 19cm | |
| 丛书名: | ||
| 单 册: | ||
| 中图分类: | G254.33 | |
| 科图分类: | ||
| 主题词: | 图书馆学 , 图书馆事业 | |
| 电子资源: | ||
| ISBN: | ||
| 000 | 00693nam0 2200253 45 | |
| 001 | 0184006052 | |
| 005 | 20040425145919.2 | |
| 010 | @dCNY0.60 | |
| 091 | @a7201.13 | |
| 100 | @a19951020d1984 em y0chiy0121 ea | |
| 101 | 0 | @achi |
| 102 | @aCN@b110000 | |
| 105 | @ay z 000yy | |
| 106 | @ar | |
| 200 | 10 | @a目录组织规则@i图书部分@Amu lu zu zhi gui ze@f北京图书馆编目部编 |
| 210 | @a北京@c书目文献出版社@d1984 | |
| 215 | @a172页@d19cm | |
| 606 | 0 | @a图书馆学 |
| 606 | 0 | @a图书馆事业 |
| 690 | @aG254.33 | |
| 711 | 02 | @a北京图书馆编目部@4编@Abei jing tu shu guan bian mu bu |
| 801 | 0 | @aCN@b深圳图书馆@c20040425 |
| 801 | 2 | @aCN@bNLC@c20040425 |
| 905 | @f1@b62332@dG254.33@e6@b60108@f1 | |
| 目录组织规则.图书部分/北京图书馆编目部编.-北京:书目文献出版社,1984 |
| 172页;19cm |
| ISBN :CNY0.60 |
| ● |
| 相关链接 |
|
|
|
|
正题名:目录组织规则
索取号:G254.33/6
 
预约/预借
| 序号 | 登录号 | 条形码 | 馆藏地/架位号 | 状态 | 备注 |
| 1 | 0060108 | 000501736 | 第一样本阅览室/ [索取号:G254.33/6] | 在馆 | |
| 2 | 0062332 | 000501727 | 密集书库/ [索取号:G254.33/6] | 在馆 |